Let's read about...Ruby Bridges / (Record no. 2938)

MARC details
000 -LEADER
fixed length control field 01331cam a2200337 a 4500
005 - DATE AND TIME OF LATEST TRANSACTION
control field 20250827150329.0
020 ## - INTERNATIONAL STANDARD BOOK NUMBER
International Standard Book Number 0439513626
040 ## - CATALOGING SOURCE
Original cataloging agency UWB
Transcribing agency UWB
Modifying agency DLC
Language of cataloging eng
050 00 - LIBRARY OF CONGRESS CALL NUMBER
Classification number F379.N59
Item number 2003
082 00 - DEWEY DECIMAL CLASSIFICATION NUMBER
Classification number 397.2
100 1# - MAIN ENTRY--PERSONAL NAME
Personal name Bridges, Ruby
245 10 - TITLE STATEMENT
Title Let's read about...Ruby Bridges /
Statement of responsibility, etc. by Ruby Bridges and Grace Maccarone ; illustrated by Cornelius Van Wright and Ying-Hwa Hu.
246 3# - VARYING FORM OF TITLE
Title proper/short title Ruby Bridges
250 ## - EDITION STATEMENT
Edition statement First printing , February 2003
260 ## - PUBLICATION, DISTRIBUTION, ETC.
Place of publication, distribution, etc. New York :
Name of publisher, distributor, etc. Scholastic,
Date of publication, distribution, etc. 2003
300 ## - PHYSICAL DESCRIPTION
Extent 29 unnumbered pages :
Other physical details color illustrations ;
Dimensions 24 cm.
490 ## - SERIES STATEMENT
Series statement Scholastic First Biographies
500 ## - GENERAL NOTE
General note "Cartwheel books"--Cover.
505 ## - FORMATTED CONTENTS NOTE
Formatted contents note J <br/>
520 ## - SUMMARY, ETC.
Summary, etc. Ruby Bridges was born during the time of segregation in the South. In 1960, she made history when she attended an all-white school. Follow her story and learn why we still celebrate her courage today.
521 ## - TARGET AUDIENCE NOTE
Target audience note 490 <br/>
Source Lexile <br/>
521 ## - TARGET AUDIENCE NOTE
Target audience note J <br/>
Source Raz-Plus <br/>
650 #0 - SUBJECT ADDED ENTRY--TOPICAL TERM
Topical term or geographic name entry element School integration
Geographic subdivision Louisiana
-- New Orleans
Form subdivision Juvenile literature.
650 #0 - SUBJECT ADDED ENTRY--TOPICAL TERM
Topical term or geographic name entry element African Americans
Geographic subdivision Louisiana
-- New Orleans
Form subdivision Biography
-- Juvenile literature.
700 1# - ADDED ENTRY--PERSONAL NAME
Personal name Maccarone, Grace.
700 1# - ADDED ENTRY--PERSONAL NAME
Personal name Van Wright, Cornelius.
700 1# - ADDED ENTRY--PERSONAL NAME
Personal name Hu, Ying-Hwa.
906 ## - LOCAL DATA ELEMENT F, LDF (RLIN)
a 7
b cbc
c copycat
d 2
e ncip
f 20
g y-gencatlg
942 ## - ADDED ENTRY ELEMENTS (KOHA)
Source of classification or shelving scheme Dewey Decimal Classification
Koha item type Books
Suppress in OPAC No
999 ## -
-- 2938
-- 2938
Holdings
Withdrawn status Lost status Source of classification or shelving scheme Damaged status Not for loan Collection Home library Current library Shelving location Date acquired Total Checkouts Full call number Barcode Date last seen Date last checked out Copy number Price effective from Koha item type
    Dewey Decimal Classification     Non-Fiction Footprints International School Library Network Toul Kork Campus Footprints International School Library Network Toul Kork Campus TK Primary Library Room(4th Floor), Bookcase 1&2, Shelves 1-16, Dark Blue Books 07/12/2024   BRI 379.2 F379.N59 FISTK00688 07/12/2024   3 07/12/2024 Books
    Dewey Decimal Classification     Non-Fiction Footprints International School Library Network Toul Tom Poung Campus Footprints International School Library Network Toul Tom Poung Campus TTP Primary Dark Blue Bookshelves 01/24/2024 1 BRI 379.2 F379.N59 FISBK01561 02/20/2024 02/06/2024 1 01/24/2024 Books
    Dewey Decimal Classification     Non-Fiction Footprints International School Library Network Toul Tom Poung Campus Footprints International School Library Network Toul Tom Poung Campus TTP Primary Dark Blue Bookshelves 01/24/2024   BRI 379.2 F379.N59 FISBK01563 03/18/2024   2 01/24/2024 Books
    Dewey Decimal Classification     Non-Fiction Footprints International School Library Network Toul Tom Poung Campus Footprints International School Library Network Toul Tom Poung Campus TTP Primary Dark Blue Bookshelves 08/27/2025 1 BRI 379.2 F379.N59 FISBK01562 02/02/2026 01/05/2026 4 08/27/2025 Books